Statistics for Avatar: The Last Airbender Quiz

Click here to take the quiz!

General Stats

  • This quiz has been taken 12,880 times
  • The average score is 27 of 60

Answer Stats

HintAnswer% Correct
The AvatarAang
98%
What is the name of Aang's Air Bison?Appa
89%
The Waterbender on Team AvatarKatara
89%
His Lemur?Momo
85%
Is Sokka a Bender?No
83%
What special form of waterbending does Katara learn from an old lady?Bloodbending
79%
Who was the Avater before Aang?Roku
79%
Who is the master Earthbender on Team Avatar?Toph
79%
Sokka's first girlfriend in the series is Yue. What did she turn into?The Moon
74%
Before him?Kyoshi
72%
What is Sokka's favorite weapon?His Boomerang
71%
Sokka became a master _________Swordsman
70%
What is the name of the Fire Prince?Zuko
66%
Who was Sokka's girlfriend at the end of the series?Suki
64%
What's his uncle's name?Iroh
62%
What is the special form of Earthbending that Toph develops?Metalbending
61%
What Airbending transportation technique was created by Aang?Airscooter
60%
Iroh is obsessed with ______Tea
60%
With which material does Sokka make his sword?A Meteorite
52%
If she is blind, then how does she see?She uses her feet
51%
What super wealthy family does Toph belong to?Beifong
50%
What is Toph's Earth Rumble VI alter-ego?The Blind Bandit
50%
What does he learn to master when he is there?The Avatar State
49%
The name of Zuko's girlfriend is _______Mai
48%
From whom did he learn airbending?Monk Gyatso
47%
What spirit does Katara act like to help support a poor fire nation village?The Painted Lady
47%
Who was initially supposed to be Aang's Earthbending teacher?Bumi
45%
With which fruit is a sky bison selected by a young airbender?Apple
44%
When is all Firebending "turned off"?During an Eclipse
44%
What is the name of the next Avatar?Korra
44%
Who is Katara's Waterbending master?Pakku
44%
Where does Aang go to meet Guru Pathik?Eastern Air Temple
43%
What is Iroh's nickname?The Dragon of the West
39%
Sokka has a great ability to read _____Maps
37%
Who were the original Earthbenders?Badgermoles
36%
The secret agency of Ba Sing SeDai Li
34%
What is her mother's name?Kya
34%
Which imprisoned earthbender does she help?Haru
33%
What contest does Sokka enter in the episode, Tales of Ba Sing Se?Poetry
30%
What animal does Aang gain control of on Kyoshi Island?Unagi
29%
What is their emblem?Flying Boar
28%
Who was Firelord before Ozai?Azulon
27%
What is the name of the Fire Nation war group that killed her mother?The Southern Raiders
27%
Who is the Chief of the Southern Water Tribe?Hakoda
26%
What tribe is she a part of?Southern Water Tribe
26%
What kind of bending is taught to Aang by a Lion Turtle?Energybending
24%
Who was the first female Earthbender?Oma
24%
Male?Shu
24%
The name of the highest security Fire Nation prison is ________________The Boiling Rock
21%
What is Sokka's nickname for the Fire Nation assassin sent by Zuko?Combustion Man
20%
Who is their leader?Long Feng
19%
With which civilaztion of people do Aang and Zuko learn firebending from the masters, Ran and Cha?Sun Warriors
19%
Who was Sokka's master?Master Piandao
18%
What is the name of Zuko's mother?Ursa
18%
What is Gran-Gran's name?Kanna
17%
What is the name of Zuko and Azula's cousin? (Iroh's son)Luten
16%
The known Firebenders who are a part of the Order of the White Lotus are Iroh and ______Jeong Jeong
14%
Two members of Jet's Freedom Fighters other than Jet seen in Ba Sing SeSmellerbee and Longshot
14%
What is the young man's right of passage in the Southern Water Tribe?Ice Dodging
11%
What is the Earth King's name?Kuei
6%

Score Distribution

Percentile by Number Answered

Percent of People with Each Score

Your Score History

You have not taken this quiz